1910 1914 1907 1317 1331 1094 1475 1961 1835 1117 1172 1512 1521 1459 1249 1638 1909 1198 1792 1704 1231 1972 1235 1347 1729 1086 1011 1593 1084 1467 1585 1492 1656 1307 1206 1571 1810 1143 1474 1115 1956 1103 1801 1500 1749 1218 1072 1826 1400 1177 1144 1042 1290 2000 1677 1967 1316 1600 1767 1001 1068 1848 1929 1871 1808 1935 1795 1907 1163 1848 1020 1473 1885 1454 1174 1165 1675 1384 1688 1933 1301 1447 1845 1180 1259 1849 1843 1617 1395 1377 1526 1812 1557 1804 1450 1739 1604 1847 1539 BCNSPRNW ULIB Ver.6.0+V

เปลี่ยนเป็นภาษาไทย

Change to English
 แสดงรายละเอียดบรรณานุกรม
  กลับหน้าหลัก

Brief Record : Get Marc (ISO 2709) : E-mail record : QR code < ปิดหน้าต่าง
LEADER : 00000nam 2200000uu 4500
001    13399121815
003     ULIB
008    121207s2546||||th 000 0 tha d
020    ^a9741322151
060 04 ^aWP630^bส854ท
100 0  ^aสุรศักดิ์ ฐานีพานิชสกุล
245 10 ^aเทคโนโลยีการคุมกำเนิด /^cสุรศักดิ์ ฐานีพานิชสกุล
250    ^aพิมพ์ครั้งที่ 1
260    ^aกรุงเทพฯ :^bภาควิชาสูติศาสตร์-นรีเวชวิทยา คณะแพทยศาสตร์จุฬาลงกรณ์มหาวิทยาลัย,^c2546
300    ^avi, 215 หน้า :^bภาพประกอบ ;^c26 ซม.
504    ^aบรรณานุกรม
650  2 ^aFamily Planning Services
650  2 ^aContraception
650  7 ^aคุมกำเนิด
650  7 ^aการวางแผนครอบครัว
710 2  ^aจุฬาลงกรณ์มหาวิทยาลัย. ^bคณะแพทยศาสตร์.^bภาควิชาสูติศาสตร์-นรีเวชวิทยา
945    ^p220^l0^i12162
945    ^p220^l0^i12163
945    ^p220^l0^i12164
945    ^p220^l0^i12165
945    ^p220^l0^i12166
945    ^p220^l0^i16216
945    ^p220^l0^i16217
945    ^p220^l0^i13865
945    ^p220^l0^i12742
945    ^p220^l0^i12743
945    ^p220^l0^i12744
945    ^p220^l0^i12745
945    ^p220^l0^i12746
995    ^aทศพร
999    ^aทศพร เกษรทอง
รายการนี้ยังไม่มีแท็ก
คุณยังไม่ได้ล็อกอิน คุณสามารถมีกิจกรรมร่วมกับเว็บไซต์ได้ แต่ต้องล็อกอินก่อน ::
  ล็อกอิน

รายการสื่อสารสนเทศ

ลำดับที่ ประเภท เลขเรียก/บาร์โค้ด สถานที่ สถานะ
1. วิทยาศาสตร์การแพทย์ และสุขภาพ
วิทยาศาสตร์การแพทย์ และสุขภาพ
WP630 ส854ท  
  Barcode: 13865
ห้องสมุดวิทยาเขตสวรรค์ประชารักษ์
►หนังสือทั่วไป
บนชั้น
2. วิทยาศาสตร์การแพทย์ และสุขภาพ
วิทยาศาสตร์การแพทย์ และสุขภาพ
WP630 ส854ท  
  Barcode: 12742
ห้องสมุดวิทยาเขตสวรรค์ประชารักษ์
►หนังสือทั่วไป
บนชั้น
3. วิทยาศาสตร์การแพทย์ และสุขภาพ
วิทยาศาสตร์การแพทย์ และสุขภาพ
WP630 ส854ท  
  Barcode: 12743
ห้องสมุดวิทยาเขตสวรรค์ประชารักษ์
►หนังสือทั่วไป
บนชั้น
4. วิทยาศาสตร์การแพทย์ และสุขภาพ
วิทยาศาสตร์การแพทย์ และสุขภาพ
WP630 ส854ท  
  Barcode: 12744
ห้องสมุดวิทยาเขตสวรรค์ประชารักษ์
►หนังสือทั่วไป
บนชั้น
5. วิทยาศาสตร์การแพทย์ และสุขภาพ
วิทยาศาสตร์การแพทย์ และสุขภาพ
WP630 ส854ท  
  Barcode: 12745
ห้องสมุดวิทยาเขตสวรรค์ประชารักษ์
►หนังสือทั่วไป
บนชั้น
6. วิทยาศาสตร์การแพทย์ และสุขภาพ
วิทยาศาสตร์การแพทย์ และสุขภาพ
WP630 ส854ท  
  Barcode: 12746
ห้องสมุดวิทยาเขตสวรรค์ประชารักษ์
►หนังสือทั่วไป
บนชั้น
7. วิทยาศาสตร์การแพทย์ และสุขภาพ
วิทยาศาสตร์การแพทย์ และสุขภาพ
WP630 ส854ท ฉ.1 
  Barcode: 12162
ห้องสมุดวิทยาเขตสวรรค์ประชารักษ์
►หนังสือทั่วไป
บนชั้น
8. วิทยาศาสตร์การแพทย์ และสุขภาพ
วิทยาศาสตร์การแพทย์ และสุขภาพ
WP630 ส854ท ฉ.2 
  Barcode: 12163
ห้องสมุดวิทยาเขตสวรรค์ประชารักษ์
►หนังสือทั่วไป
บนชั้น
9. วิทยาศาสตร์การแพทย์ และสุขภาพ
วิทยาศาสตร์การแพทย์ และสุขภาพ
WP630 ส854ท ฉ.3 
  Barcode: 12164
ห้องสมุดวิทยาเขตสวรรค์ประชารักษ์
►หนังสือทั่วไป
บนชั้น
10. วิทยาศาสตร์การแพทย์ และสุขภาพ
วิทยาศาสตร์การแพทย์ และสุขภาพ
WP630 ส854ท ฉ.4 
  Barcode: 12165
ห้องสมุดวิทยาเขตสวรรค์ประชารักษ์
►หนังสือทั่วไป
บนชั้น
11. วิทยาศาสตร์การแพทย์ และสุขภาพ
วิทยาศาสตร์การแพทย์ และสุขภาพ
WP630 ส854ท ฉ.5 
  Barcode: 12166
ห้องสมุดวิทยาเขตสวรรค์ประชารักษ์
►หนังสือทั่วไป
บนชั้น
12. วิทยาศาสตร์การแพทย์ และสุขภาพ
วิทยาศาสตร์การแพทย์ และสุขภาพ
WP630 ส854ท ฉ.6 
  Barcode: 16216
ห้องสมุดวิทยาเขตสวรรค์ประชารักษ์
►หนังสือทั่วไป
บนชั้น
13. วิทยาศาสตร์การแพทย์ และสุขภาพ
วิทยาศาสตร์การแพทย์ และสุขภาพ
WP630 ส854ท ฉ.7 
  Barcode: 16217
ห้องสมุดวิทยาเขตสวรรค์ประชารักษ์
►หนังสือทั่วไป
บนชั้น

รายการใกล้เคียง
    ผู้แต่ง [สุรศักดิ์ ฐานีพานิชสกุล]

    หัวเรื่อง [Family Planning Services]
    หัวเรื่อง [Contraception]
    หัวเรื่อง [คุมกำเนิด]
    หัวเรื่อง [การวางแผนครอบครัว]

BibComment


ยังไม่เคยถูกคอมเมนท์

คอมเมนท์ทรัพยากรรายการนี้
  คอมเมนท์: เทคโนโลยีการคุมก..


 Copyright 2026. Bcnsprnw @Library